Faculty of Law Library — Cairo University

Official Online Catalog

على هامش قبول مصر من الولاية الجبرية لمحكمة العدل الدولية / (Record no. 71545)

MARC details
000 -LEADER
fixed length control field 01186nam a2200301 i 4500
003 - CONTROL NUMBER IDENTIFIER
control field EG-GICUC
005 - DATE AND TIME OF LATEST TRANSACTION
control field 20260417155832.0
008 - FIXED-LENGTH DATA ELEMENTS--GENERAL INFORMATION
fixed length control field 260417s1959 ua ||||fr|||| 00| 0 ara d
040 ## - CATALOGING SOURCE
Original cataloging agency EG-GICUC
Language of cataloging ara
Transcribing agency EG-GICUC
Modifying agency EG-GICUC
Description conventions rda
043 ## - GEOGRAPHIC AREA CODE
Geographic area code ua#
082 04 - DEWEY DECIMAL CLASSIFICATION NUMBER
Edition number 21
Classification number 341.9062
Item number أ ح . ه‍
092 04 - LOCALLY ASSIGNED DEWEY CALL NUMBER (OCLC)
Edition number 21
Classification number 341.9062
099 ## - LOCAL FREE-TEXT CALL NUMBER (OCLC)
Classification number Law1 341.9062 أ ح . ه‍ 1959
100 10 - MAIN ENTRY--PERSONAL NAME
Personal name أحمد موسى
245 10 - TITLE STATEMENT
Title على هامش قبول مصر من الولاية الجبرية لمحكمة العدل الدولية /
Statement of responsibility, etc. الدكتور أحمد موسى
264 #3 - PRODUCTION, PUBLICATION, DISTRIBUTION, MANUFACTURE, AND COPYRIGHT NOTICE
Place of production, publication, distribution, manufacture القاهرة :
Name of producer, publisher, distributor, manufacturer كلية الحقوق , مجلة القانون و الاقتصاد الدولى,
Date of production, publication, distribution, manufacture, or copyright notice 1959
300 ## - PHYSICAL DESCRIPTION
Extent 26 صفحة
Dimensions 24 سم
336 ## - CONTENT TYPE
Source rda content
Content type term text
337 ## - MEDIA TYPE
Source rda media
Media type term Computer
338 ## - CARRIER TYPE
Source rda carrier
Carrier type term Online Resource
500 ## - GENERAL NOTE
General note مستخرج من مجلة القانون الدولى لسنة 1959
650 1# - SUBJECT ADDED ENTRY--TOPICAL TERM
Topical term or geographic name entry element القانون الدولى
General subdivision تاريخ
Geographic subdivision مصر
Source of heading or term qrmak
650 1# - SUBJECT ADDED ENTRY--TOPICAL TERM
Topical term or geographic name entry element محكمة العدل الدولية
Geographic subdivision مصر
651 1# - SUBJECT ADDED ENTRY--GEOGRAPHIC NAME
Source of heading or term qrmak
856 40 - ELECTRONIC LOCATION AND ACCESS
Uniform Resource Identifier <a href="https://fll.law.cu.edu.eg/fulltext/bks/B11-05828.pdf">https://fll.law.cu.edu.eg/fulltext/bks/B11-05828.pdf</a>
905 ## - Cataloger and Reviser Names
Cataloger Name: Nermin
942 ## - ADDED ENTRY ELEMENTS (KOHA)
Source of classification or shelving scheme Dewey Decimal Classification
Koha item type Books
Edition 21
Suppress in OPAC No
Holdings
Withdrawn status Lost status Source of classification or shelving scheme Damaged status Not for loan Collection Home library Current library Date acquired Total checkouts Full call number Barcode Date last seen Copy number Price effective from Koha item type
    Dewey Decimal Classification   Not for loan القانون الدولي العام جــــامعة القــاهرة مكتبة كلية الحقوق - المبنى الرئيسي 17.04.2026   Law1 11 341.9062 أ ح . ه‍ 01105828 1959 C1 B11-05828 17.04.2026 1 17.04.2026 Books

© All rights reserved — Faculty of Law, Cairo University